000 00841nam a2200253Ia 4500
003 OSt
005 20220923224507.0
006 a|||||r|||| 00| 0
007 ta
008 220922b |||||||| |||| 00| 0 hin d
024 _a236,701
037 _cTextual
040 _aARTS
_cARTS
_bhin
041 _2hin
_ahin
082 _aO152,3N3311x, P8
100 _aसत्यप्रभा पाल
245 0 _aमन की किताब
_b कहानी संग्रह
246 _ahin kī kitāba: kahānī sangraha
260 _aनई दिल्ली
_b सत - चित - आंनद
_c2008
300 _a97पृ.
_ccm.
650 _aहिन्दी साहित्य
_9156264
942 _hO152,3N3311x, P8
_cTEXL
_2CC
999 _c371809
_d371809